• 首页
  • 本馆介绍
  • 公告通知
  • 最新文献
  • 馆藏检索
  • 电子资源
  • 读者导购
  • 参考咨询
  • 我的图书馆
  • 登录
  • 详细信息显示
  • 放入我的书架
  • 预约/预借图书
  • 作者相关作品
  • 分类相关作品
  • 丛书相关作品
  • 出版社相关作品

书目信息

  • 表格格式
  • 工作单格式
  • 卡片格式
题名:
埋线疗法治百病
    
 
作者: 温木生 , 郑祥容 编著
分册:  
出版信息: 北京   人民军医出版社  2002.06
页数: 485页
开本: 20cm
丛书名:
单 册:
中图分类: R244.8
科图分类:
主题词: 中医学:临床医学
电子资源:
ISBN: 7-80157-393-5
000 00631nam0 2200205 450
001 0859610073
005 20080611163541.41
010    @a7-80157-393-5@dCNY35.50
100    @a20080611d2002 km y0chiy0120 ea
101 0  @achi
102    @aCN@b110000
200 1  @a埋线疗法治百病@Amai xian liao fa zhi bai bing@f温木生,郑祥容编著@Fwen mu sheng,zheng xiang rong bian zhu
210    @a北京@c人民军医出版社@d2002.06
215    @a485页@d20cm
606 0  @a中医学:临床医学
690    @aR244.8@v4
701  0 @a温木生@Awen mu sheng@4编著
701  0 @a郑祥容@Azheng xiang rong@4编著
801  0 @aCN@bNISOFT@c20080611
905    @aBZT@dR244.8@e2
    
    埋线疗法治百病/温木生,郑祥容编著.-北京:人民军医出版社,2002.06
    485页;20cm
    
    
    ISBN 7-80157-393-5:CNY35.50
    
●
相关链接 在五车中查询图书 在当当中查询图书 在豆瓣中查询图书


正题名:埋线疗法治百病     索取号:R244.8/2         预约/预借

序号 登录号 条形码 馆藏地/架位号 状态 备注
1 675937   2000675937   中心书库中库/ 中库003架A面6列3层17/ [索取号:R244.8/2] 在馆    
2 675938   2000675938   中心书库中库/ 中库003架A面6列3层11/ [索取号:R244.8/2] 在馆    
3 675939   2000675939   中心书库中库/ 中库003架A面6列3层12/ [索取号:R244.8/2] 在馆    
4 675940   2000675940   中心书库中库/ 中库003架A面6列3层13/ [索取号:R244.8/2] 在馆    
5 675941   2000675941   中心书库中库/ 中库003架A面6列3层15/ [索取号:R244.8/2] 在馆    
6 675942   2000675942   中心书库中库/ 中库003架A面6列3层10/ [索取号:R244.8/2] 在馆    
7 675943   2000675943   中心书库中库/ 中库003架A面6列3层9/ [索取号:R244.8/2] 在馆    
8 675944   2000675944   中心书库中库/ 中库003架A面6列3层16/ [索取号:R244.8/2] 在馆    
9 675945   2000675945   中心书库中库/ 中库003架A面6列3层18/ [索取号:R244.8/2] 在馆    
10 675946   2000675946   中心书库中库/ 中库003架A面6列3层14/ [索取号:R244.8/2] 在馆    
山东省滨州职业学院图书馆 欢迎您!
大连网信软件有限公司© 版权所有